MDQL
is popping MORE tags! Check the
thread
!
Quizzes
Events
Quiz Creation
Community
Videos
Private Events
Remove Ads
Sign In
Join for FREE
Feedback
Dark Mode
Quiz Categories
Sports
Geography
Music
Movies
Television
Just For Fun
Miscellaneous
History
Literature
Language
Science
Gaming
Entertainment
Religion
Holiday
For Kids
Quiz Lab
Recent
Popular Today
Quiz Kudos Today
Editor Picks
Curator Picks
Quizzes by...
Day
Popularity
Type
Ratings
Length
Year
Community
Subscriptions
Recent Discussions
Orange Saloon
Badges
Playlists
Quests
Create
Leaderboards
Showdown
Live 5
Trivia Bingo
Activity
Puzzle Library
Sporcle Events
Private Events
Virtual Trivia
Globe League
Become a Host
Pub Owners
SporcleCon
Opinionation
Our Games
Videos
Blog
Mobile Apps
Partnerships
Remove Ads and Go Orange
Feedback
Gaming
Video Games
Board Games
Card Games
Pokémon
Mario
Nintendo
Minecraft
Console
Toys
Legend of Zelda
Gaming
Video Games
Board Games
Card Games
Pokémon
Mario
Nintendo
Minecraft
Console
Toys
Legend of Zelda
Random Quiz
Search Sporcle
×
Quiz Lab
Quiz Lab
Gaming
Pokémon
Type in answers that appear in a list
Type in answers that appear in a list
Classic
Best Score? Go Orange.
Hoenn Pokemon by Type Stats
Can you name the Hoenn Pokemon?
By
Elycien
7m
135 Questions
3,515 Plays
3,515 Plays
3,515 Plays
Comments
Comments
Give Quiz Kudos
Give Quiz Kudos
-
- Ratings
hide this ad
Replay
Link that replays current quiz
Next Quiz
Link to next quiz in quiz playlist
You Got
0%
They Got
Avg Score
58%
Avg Friend Score
Upgrade to see
Score Distribution
Jump to the score distribution portion of the page
Score
0/135
Timer
07:00
0
Plays Today
Type
Pokemon
% Correct
Fire
Torchic
88.7%
Water
Mudkip
87.4%
Fire/
Fighting
Blaziken
85.6%
Fire/
Fighting
Combusken
84%
Water/
Ground
Swampert
83.6%
Normal
Zigzagoon
83.2%
Grass
Treecko
82.8%
Water/
Ground
Marshtomp
81.6%
Grass
Sceptile
81%
Grass
Grovyle
79.4%
Normal
Linoone
78.9%
Normal/
Flying
Swellow
76.1%
Ground
Groudon
75.1%
Normal/
Flying
Taillow
73.8%
Water
Kyogre
73.6%
Bug
Wurmple
73.3%
Bug
Cascoon
73.2%
Ground/
Dragon
Flygon
72.6%
Bug
Silcoon
72.2%
Bug/
Poison
Dustox
71.8%
Dragon/
Flying
Rayquaza
71.6%
Bug/
Flying
Beautifly
70.6%
Dragon
Bagon
68.9%
Ground/
Dragon
Vibrava
68.3%
Ground
Trapinch
67.9%
Dragon/
Flying
Salamence
67.7%
Dark
Poochyena
66.9%
Water/
Grass
Lotad
66%
Water/
Grass
Ludicolo
65.8%
Steel/
Psychic
Metagross
65.6%
Normal
Slaking
65.6%
Dark
Mightyena
65.5%
Fire/
Ground
Numel
65.1%
Fighting/
Psychic
Medicham
64.9%
Rock
Regirock
64.2%
Fire/
Ground
Camerupt
64.2%
Steel
Registeel
64.1%
Normal
Slakoth
64%
Dragon
Shelgon
64%
Steel/
Rock
Aron
64%
Fighting/
Psychic
Meditite
63.9%
Steel/
Psychic
Beldum
63.8%
Water/
Grass
Lombre
63.6%
Water/
Flying
Wingull
63.6%
Steel/
Psychic
Metang
63.4%
Type
Pokemon
% Correct
Steel/
Rock
Aggron
63.1%
Ice
Regice
63.1%
Ghost
Duskull
62.8%
Fighting
Hariyama
62.8%
Normal
Vigoroth
62.4%
Electric
Electrike
62.4%
Electric
Manectric
62.2%
Ghost
Dusclops
62%
Fighting
Makuhita
62%
Grass
Seedot
62%
Water/
Flying
Pelipper
61.7%
Steel/
Rock
Lairon
61.5%
Grass/
Dark
Nuzleaf
61.5%
Rock/
Psychic
Solrock
61.3%
Ghost
Shuppet
61.3%
Dragon/
Psychic
Latios
61.2%
Dragon/
Psychic
Latias
61.1%
Ghost
Banette
61.1%
Grass/
Dark
Shiftry
60.7%
Rock/
Psychic
Lunatone
60.4%
Water/
Dark
Sharpedo
60%
Steel/
Psychic
Jirachi
59.6%
Dark/
Ghost
Sableye
59.2%
Psychic
Ralts
58.6%
Dragon/
Flying
Altaria
58.4%
Ice/
Water
Spheal
58.4%
Bug/
Ground
Nincada
58%
Normal/
Flying
Swablu
57.8%
Bug/
Flying
Ninjask
57.4%
Ground/
Psychic
Claydol
57.2%
Bug/
Water
Surskit
56.8%
Bug/
Ghost
Shedinja
56.8%
Psychic
Kirlia
56.6%
Ice/
Water
Walrein
56.5%
Psychic
Gardevoir
56.4%
Fire
Torkoal
56.4%
Grass/
Flying
Tropius
56.3%
Ground/
Psychic
Baltoy
55.9%
Psychic
Deoxys
55.4%
Grass/
Fighting
Breloom
54.6%
Grass
Shroomish
54.4%
Ice/
Water
Sealeo
53.9%
Ice
Glalie
53.3%
Rock/
Bug
Armaldo
53%
Rock/
Grass
Lileep
52.9%
Type
Pokemon
% Correct
Water/
Dark
Carvanha
52.9%
Rock/
Grass
Cradily
52.9%
Poison
Seviper
52.6%
Ice
Snorunt
52.5%
Normal
Zangoose
52.3%
Water
Wailord
52.3%
Electric
Plusle
52.2%
Water
Wailmer
52.1%
Rock/
Bug
Anorith
51.8%
Rock
Nosepass
51.8%
Electric
Minun
51.5%
Bug/
Flying
Masquerain
51.4%
Normal
Exploud
50.8%
Normal
Loudred
50.5%
Normal
Whismur
50%
Dark
Absol
49.8%
Water
Milotic
49.1%
Water/
Rock
Relicanth
49%
Normal
Skitty
48.9%
Water
Feebas
48.6%
Steel
Mawile
48.1%
Grass
Cacnea
47.6%
Grass/
Dark
Cacturne
47.3%
Normal
Delcatty
46.7%
Poison
Gulpin
46.5%
Water/
Ground
Barboach
45.5%
Poison
Swalot
45.2%
Water/
Ground
Whiscash
44.5%
Normal
Spinda
44.4%
Water
Clamperl
43%
Water
Huntail
42.1%
Water
Gorebyss
41.3%
Water/
Dark
Crawdaunt
41.2%
Water
Corphish
40.6%
Grass/
Poison
Roselia
40.5%
Water
Luvdisc
38.5%
Normal
Kecleon
38%
Bug
Volbeat
37.8%
Normal
Castform
37.5%
Bug
Illumise
37.1%
Normal
Azurill
36.2%
Psychic
Spoink
34.2%
Psychic
Grumpig
34.1%
Psychic
Chimecho
29.2%
Psychic
Wynaut
27.1%
Quiz Playlist
Details
Report
Send in Message
Add To Playlist
Classic:
Type in answers that appear in a list
Last Updated: Jan 1, 2019
Quiz Scoreboard
CHALLENGE
Sign Up to Join the Scoreboard
Show All
Scores
Hide
Comments
May contain spoilers
Recently Published
Street Fighter Characters
by Artimus82
Gaming
60s
9x9 Crossword: Cartoon Network
by jackfrog10
Miscellaneous
3m
College Basketball Coaching Resumes
by pancakes188
Sports
9m
More to Explore
Quiz From the Vault
Featured Blog Post
Where Did the Easter Bunny Come From?
hide this ad
You Might Also Like...
Tags
Pokémon Quiz
hoenn
Today's Top Quizzes in Gaming
Browse Gaming
hide this ad
Today's Top Quizzes in Pokémon
Browse Pokémon
Top Contributed Quizzes in Gaming
1
5-to-1: Consoles
2
7-to-1: Board Game Piece Blitz
3
5-to-1: Legend of Zelda
4
League of Legends Pro Players by Career/Team History
5
Destiny 2 exotic weapons by perk icons
6
Ultimate Genshin Impact Logic Puzzle (up to 4.3)
7
Franchise by Action Figure
8
Who's on the WWE 2K24 Cover?
9
Genshin Impact Logic Puzzle Quiz
10
Order the Pokémon Regions
Explore More
Trending Topics
Kpop
Harry Potter
Marvel
Disney
Crossword
Anime
NBA
Puzzle
Soccer
Country
WWE
The Office
Song
Pokémon
NFL
hide this ad
More By:
Elycien
Quiz
Plays
Rating
Category
Featured
Created
Hoenn Pokemon by Type
3,515
4.82
Gaming
Aug 30, 2011
Johto Pokemon by Type
2,926
3.17
Gaming
Aug 28, 2011
Kanto Pokemon by Type
2,622
3.00
Gaming
Aug 27, 2011
Sinnoh Pokemon by Type
2,448
5.00
Just For Fun
Aug 31, 2011
Unova Pokemon by Type
295
3.50
Just For Fun
Sep 1, 2011
Go to Creator's Profile
Score Distribution
Quiz Creator Spotlight
Elycien
Follow
Send a Message
Quizzes Created
-
Created Quiz Play Count
-
More By This Creator
Popular Quizzes Today
1
Find the US States - No Outlines Minefield
2
Find the Countries of Europe - No Outlines Minefield
3
The Countries of the World
4
Find the US States
5
Risky Map Clicking: Biggest States A-Z
6
US States
7
Popular People in 1961
8
Movies - When Are They Set?
More Gaming Quizzes
Fire Emblem Heroes Halloween Heroes
Curator's Pick
Trending Quizzes
Risky Map Clicking: Least Populous States A-Z
1-10 Letter G Words
Risky Map Clicking: Next State Alphabetically
Adjectives in 80s TV Shows
The Seven Year Switch: Catherine
Recently Updated
Leaping Animals
pecheneg
Reality TV Shows (A-Z)
bhenderson79
Rickey Henderson's Hall of Fame Teammates
pecheneg
Champions League XIs: Arsenal
pecheneg
Quick Pick: Celebrities in WWE's Hall of Fame
aduchscher
A-Z Keypad Blitz II
pecheneg
Multiple Oscar Actors
pecheneg
Mystery Phrase Blitz: Oscar 'Best Actors'
pecheneg
F. Scott Fitzgerald Novels
LTH
Pick 3 Villains
ddd62291
Trending Topics
Harry Potter
Disney
Marvel
Anime
Kpop
Crossword
NBA
Song
WWE
NFL
Country
The Office
Soccer
Puzzle
Pokémon
Your Account Isn't Verified!
In order to create a playlist on Sporcle, you need to verify the email address you used during registration. Go to your
Sporcle Settings
to finish the process.
Report this User
Report this user for behavior that violates our
Community Guidelines
.
Details:
Send Report
Go to the Sporcle.com Mobile Site →
Comments